| 000 | 00654nam a22001937a 4500 | ||
|---|---|---|---|
| 999 |
_c192926 _d192926 |
||
| 005 | 20221011112257.0 | ||
| 010 | _aUR-11744 | ||
| 020 |
_a9789391238353 _c300.00 |
||
| 035 | _aU-10299 | ||
| 037 |
_bDBAD/PUB _a- |
||
| 082 | _a921 | ||
| 100 | _aوارث ریاضی | ||
| 245 |
_aنقوش آگي : _bمجموعہ مقالات و مکتوبات / _cوارث ریاضی _hا ر د و |
||
| 246 |
_aNuqoosh-E-Aagahi / _bby Waris Reyazi |
||
| 260 |
_aNew Delhi _bEducational Publishing House _c2021 ء |
||
| 270 |
_aH.O. D1/16, Ansari Road, Darya Ganj _bNew Delhi _e110002 |
||
| 300 |
_a332 ص _c22cm(pbk) |
||
| 942 |
_2ddc _cUR _h921 _mو ا ر |
||